War and the crisis of youth in Sierra Leone (Record no. 86071)

MARC details
000 -LEADER
fixed length control field 00985cam a22002774a 4500
003 - CONTROL NUMBER IDENTIFIER
control field CBULib
005 - DATE AND TIME OF LATEST TRANSACTION
control field 20250915071800.0
008 - FIXED-LENGTH DATA ELEMENTS--GENERAL INFORMATION
fixed length control field 100726s2011 enkb b 001 0 eng
020 ## - INTERNATIONAL STANDARD BOOK NUMBER
International Standard Book Number 9781107004191
020 ## - INTERNATIONAL STANDARD BOOK NUMBER
International Standard Book Number 1107004195
040 ## - CATALOGING SOURCE
Original cataloging agency DLC
Transcribing agency DLC
Modifying agency YDX
-- YDXCP
-- BWX
-- UKM
-- CDX
-- IUL
-- DLC
Language of cataloging English
Description conventions rda
050 00 - LIBRARY OF CONGRESS CALL NUMBER
Classification number DT 516.826 Pet
100 1# - MAIN ENTRY--PERSONAL NAME
Personal name Peters, Krijn
9 (RLIN) 4199
245 10 - TITLE STATEMENT
Title War and the crisis of youth in Sierra Leone
Statement of responsibility, etc / by Krijn Peters.
260 ## - PUBLICATION, DISTRIBUTION, ETC. (IMPRINT)
Place of publication, distribution, etc New York :
Name of publisher, distributor, etc Cambridge University Press,
Date of publication, distribution, etc 2011.
300 ## - PHYSICAL DESCRIPTION
Extent xv, 274 pages :
Other physical details map
336 ## - CONTENT TYPE
Source rdacontent
Content type term Text |
Content type code txt
337 ## - MEDIA TYPE
Source rdamedia
Media type term Unmediated |
Media type code n
338 ## - CARRIER TYPE
Source rdacarrier
Carrier type term Volume
Carrier type code nc
490 ## - SERIES STATEMENT
Series statement The international African library ;
Volume number/sequential designation 41
504 ## - BIBLIOGRAPHY, ETC. NOTE
Bibliography, etc Includes bibliographical references (p. 261-268) and index.
650 #0 - SUBJECT ADDED ENTRY--TOPICAL TERM
Topical term or geographic name as entry element CHILDREN AND WAR
Geographic subdivision SIERRA LEONE
9 (RLIN) 4201
650 #0 - SUBJECT ADDED ENTRY--TOPICAL TERM
Topical term or geographic name as entry element YOUTH
Geographic subdivision SIERRA LEONE
General subdivision SOCIAL CONDITIONS
9 (RLIN) 4202
650 #0 - SUBJECT ADDED ENTRY--TOPICAL TERM
Topical term or geographic name as entry element RURAL DEVELOPMENT
Geographic subdivision SIERRA LEONE
9 (RLIN) 4203
942 ## - ADDED ENTRY ELEMENTS (KOHA)
Source of classification or shelving scheme
Koha item type MONOGRAPH
Holdings
Withdrawn status Lost status Source of classification or shelving scheme Damaged status Not for loan Collection code Permanent Location Current Location Shelving location Date acquired Full call number Barcode Date last seen Price effective from Koha item type Total Checkouts Source of acquisition Copy number
          Main Library Open Access Collection CBU-MAIN LIBRARY, KITWE. CBU-MAIN LIBRARY, KITWE. General Stacks 02/25/2025 DT 516.826 Pet 753447 02/25/2025 02/25/2025 MONOGRAPH      
          Main Library Open Access Collection CBU-MAIN LIBRARY, KITWE. CBU-MAIN LIBRARY, KITWE. General Stacks 02/25/2025 DT 516.826 Pet 753448 02/25/2025 02/25/2025 MONOGRAPH      
          Main Library Open Access Collection CBU-MAIN LIBRARY, KITWE. CBU-MAIN LIBRARY, KITWE. General Stacks 07/24/2025 DT 516.826 Pet 753562 07/24/2025 07/24/2025 MONOGRAPH   DON-BOOKAID 3